All German State Flags - Statistics

General Stats
  • This quiz has been taken 30 times
  • The average score is 13 of 16
Answer Stats
Picture Answer % Correct
Baden-Württemberg
94%
Lower Saxony
94%
Berlin
88%
Hamburg
88%
North Rhine-Westphalia
88%
Saarland
88%
Bavaria
81%
Saxony
81%
Brandenburg
75%
Bremen
75%
Mecklenburg-Vorpommern
75%
Rhineland-Palatinate
75%
Saxony-Anhalt
75%
Hesse
69%
Schleswig-Holstein
69%
Thuringia
63%
No matching quizzes found
Score Distribution
Percent of People with Each Score
Percentile by Number Answered
Your Score History
You have not taken this quiz